000 00584cam a2200193 a 4500
040 _cCtWfDGI
082 0 4 _a004 HUN 2001 A007 Or.
100 1 _aKay, Trevor.
245 1 0 _aServer+ certification bible
260 _aNew York :
_bHungry Minds,
_cc2001
500 _aIncludes index.
500 _aPreparation for the CompTIA Server+ exam SK0-001.
500 _aTitle from title screen.
650 0 _aClient/server computing
650 0 _aElectronic data processing personnel
650 0 _aWeb servers
856 4 0 _uhttp://www.books24x7.com/marc.asp?isbn=0764548093
942 _cEK
999 _c12545
_d12545